000 00675nam a22002057a 4500
999 _c10445
_d10445
003 AR-CdUCM
008 190401b ||||| |||| 00| 0 spa d
040 _aMUNICIPALIDAD PROVINCIAL DEL CUSCO
_cBIBLIOTECA MUNICIPAL DEL CUSCO
082 _aES / 800 /
_bC18
_22ed.
245 _aTres Obras de Calderón /
260 _aBuenos Aires ;
_bAtlantida S. A. ;
_c1949.
300 _a112 páginas ;
_bIlustraciones
_c17cm
440 _aBiblioteca Billiken - Colección Roja
_927273
505 _aContenido: Novela
650 _aNovela
_9572
650 _aLiteratura juvenil
_91580
700 _aParedes, Juan (versión novelada)
_927302
942 _2ddc
_cLIBROS
945 _anom